10 Smallest countries - Statistics

General Stats
  • This quiz has been taken 16 times
  • The average score is 3 of 10
Answer Stats
Hint Answer % Correct
.49km Vatican City
100%
2km Monaco
64%
21km Nauru
36%
61km San Marino
36%
26km Tuvalu
36%
160km Liechtenstein
29%
316km Malta
14%
261km Saint Kitts and Nevis
14%
300km Maldives
7%
181km Marshall Islands
7%
No matching quizzes found
Score Distribution
Percent of People with Each Score
Percentile by Number Answered
Your Score History
You have not taken this quiz